| 000 | 01772nam a2200445Ii 4500 | ||
|---|---|---|---|
| 001 | DIGLOM01022 | ||
| 003 | NyNyDIG | ||
| 006 | m o d | ||
| 007 | cr ||||||||||| | ||
| 008 | 220909s2016 cl ob 000 0 spa d | ||
| 035 | _a(OCoLC)1344281859 | ||
| 040 |
_aDGITA _beng _erda _epn _cDGITA |
||
| 020 | _z9789560006509 | ||
| 041 | 1 |
_aspa _heng |
|
| 050 | 1 | 4 | _aPN6149.P5 ebook |
| 100 | 1 |
_aBergson, Henri, _d1859-1941, _eauthor. |
|
| 240 | 1 | 0 |
_aLaughter. _lSpanish _s(Márquez San Martín) |
| 245 | 1 | 3 |
_aLa risa : _bensayo sobre la significación de lo cómico / _cHenri Bergson ; traducción, Jorge Leonardo Márquez San Martín. |
| 246 | 3 | 0 | _aEnsayo sobre la significación de lo cómico |
| 264 | 1 |
_aSantiago, [Chile] : _bLOM Ediciones, _c[2016] |
|
| 300 | _a1 online resource. | ||
| 336 |
_atext _btxt _2rdacontent |
||
| 337 |
_acomputer _bc _2rdamedia |
||
| 338 |
_aonline resource _bcr _2rdacarrier |
||
| 347 |
_atext file _2rdaft |
||
| 347 | _bPDF | ||
| 504 | _aIncludes bibliographical references. | ||
| 588 | 0 | _aOnline resource; title from PDF title page (Digitalia, viewed September 9, 2022) | |
| 650 | 0 | _aLaughter. | |
| 650 | 0 | _aComedy. | |
| 655 | 0 | _aElectronic books. | |
| 700 | 1 |
_aMárquez San Martín, Jorge Leonardo, _etranslator. |
|
| 700 | 1 |
_iTranslation of: _aBergson, Henri, _d1859-1941. _tLaughter. |
|
| 791 | 2 |
_aDigitalia (Firm), _edistributor. |
|
| 793 | 0 |
_gDigitalia eBook Collection: _aLOM Ediciones |
|
| 776 | 0 | 8 |
_iPrint version: _aBergson, Henri, 1859-1941. _sLaughter. Spanish (Márquez San Martín). _tRisa. _bPrimera edición. _dSantiago, [Chile] : LOM Ediciones, [2016] _z9789560006509 |
| 856 | 4 | 0 |
_3Digitalia Hispánica _uhttps://www.digitaliapublishing.com/a/41641/ |
| 910 | _aPremium collection: 2022 | ||
| 942 | _cRAA | ||
| 999 |
_c246655 _d246655 |
||